Cours de langue et de civilisation francaise
Guardado en:
| Hovedforfatter: | |
|---|---|
| Format: | Bog |
| Sprog: | Undetermined |
| Udgivet: |
París, Francia
Hachette
1966
|
| Fag: | |
| Tags: |
Tilføj Tag
Ingen Tags, Vær først til at tagge denne postø!
|
MARC
| LEADER | 00000nam a2200000Ia 4500 | ||
|---|---|---|---|
| 008 | 170316s9999 xx 000 0 und d | ||
| 090 | |a 415-F M-5c | ||
| 100 | |a Mauger, G. | ||
| 245 | |a Cours de langue et de civilisation francaise | ||
| 260 | |a París, Francia | ||
| 260 | |b Hachette | ||
| 260 | |c 1966 | ||
| 300 | |a 230 páginas Tomo I | ||
| 650 | |a GRAMÁTICA FRANCESA | ||
| 999 | |c 19232 |d 19232 | ||
| 040 | |a cru BVZT | ||
| 942 | |c 15 D |h 415-F M-5c |2 z | ||
